An Autography or the Story of My Experiments with Truth (Record no. 230979)

MARC details
000 -LEADER
fixed length control field 00448nam a2200181Ia 4500
008 - FIXED-LENGTH DATA ELEMENTS--GENERAL INFORMATION
fixed length control field 240823s9999||||xx |||||||||||||| ||und||
082 ## - DEWEY DECIMAL CLASSIFICATION NUMBER
-- 920 J9
100 ## - MAIN ENTRY--PERSONAL NAME
Personal name Gandhi M K
245 #3 - TITLE STATEMENT
Title An Autography or the Story of My Experiments with Truth
250 ## - EDITION STATEMENT
Edition statement 1st
260 ## - PUBLICATION, DISTRIBUTION, ETC. (IMPRINT)
Date of publication, distribution, etc 1959
Name of publisher, distributor, etc Navajivan Publishing
500 ## - GENERAL NOTE
General note TRANSFERED
650 ## - SUBJECT ADDED ENTRY--TOPICAL TERM
Topical term or geographic name as entry element English
942 ## - ADDED ENTRY ELEMENTS (KOHA)
Item type Books
Holdings
Withdrawn status Lost status Damaged status Permanent location Current location Shelving location Date acquired Source of acquisition Cost, normal purchase price Full call number Barcode Date last seen Koha item type
      CENTRAL LIBRARY, NOORUL ISLAM CENTRE FOR HIGHER EDUCATION CENTRAL LIBRARY, NOORUL ISLAM CENTRE FOR HIGHER EDUCATION   04/05/2019 Gift Book From Department 60.00 920 J9 79141 08/23/2024 Books
Visitors:
Copyright © 2024 Central Library NICHE.  All rights reserved.